1699 1675 1971 1722 1535 1139 1073 1530 1979 1168 1905 1223 1576 1767 1533 1198 1575 1546 1549 1613 1241 1786 1040 1496 1228 1253 1792 1424 1119 1676 1526 1885 1747 1648 1697 1380 1011 1253 1481 1070 1413 1842 1800 1573 1457 1571 1122 1085 1886 1165 1994 1521 1711 1056 1524 1901 1451 1142 1008 1169 1965 1449 1196 1956 1268 1665 1666 1266 1961 1568 1450 1422 1210 1151 1280 1685 1061 1331 1669 1339 1408 1197 1189 1451 1787 1635 1487 1138 1622 1917 1610 1147 1735 1929 1766 1339 1270 1247 1000 BCNSPRNW ULIB Ver.6.0+V

เปลี่ยนเป็นภาษาไทย

Change to English
 แสดงรายละเอียดบรรณานุกรม
  กลับหน้าหลัก

Brief Record : Get Marc (ISO 2709) : E-mail record : QR code < ปิดหน้าต่าง
LEADER : 00000nam 2200000uu 4500
001    13399123425
003     ULIB
008    140915s2454||||th 000 0 tha d
099    วจ WY157^bก157ผ
100 0  กรกาญจน์ ปานสุวรรณ
245 00 ผลการใช้โปรแกรมการสอนที่ประยุกต์ทฤษฎีของโอเร็มต่อความรู้และทักษะการดูแลตนเองของหญิงหลังคลอดครรภ์แรก
945    ^p0^l0^i016110
999    ^aเกษร โพธิ์สุวรรณ
รายการนี้ยังไม่มีแท็ก
คุณยังไม่ได้ล็อกอิน คุณสามารถมีกิจกรรมร่วมกับเว็บไซต์ได้ แต่ต้องล็อกอินก่อน ::
  ล็อกอิน

รายการสื่อสารสนเทศ

ลำดับที่ ประเภท เลขเรียก/บาร์โค้ด สถานที่ สถานะ
1. งานวิจัย
งานวิจัย
วจ WY157 ก157ผ ฉ.1 
  Barcode: 016110
ห้องสมุดวิทยาเขตสวรรค์ประชารักษ์
►วิจัย
บนชั้น

BibComment


ยังไม่เคยถูกคอมเมนท์

คอมเมนท์ทรัพยากรรายการนี้
  คอมเมนท์: ผลการใช้โปรแกรมกา..


 Copyright 2026. Bcnsprnw @Library